Physics of this thin films. Zv. 1 : Advances in research and development /

Saved in:
Bibliographic Details
Other Authors: Haas, Georg (Editor), Thun, Rudolf E. (Editor)
Format: Book
Language:English
Published: New York : Academic Press, 1963
Tags: Add Tag
No Tags, Be the first to tag this record!

MARC

LEADER 00000nam a22000003a 4500
001 stu209025
005 20150617230031.0
008 100817s1963----xxu-----------------eng-d
040 |a STU  |b slo 
041 0 |a eng 
044 |a xxu 
080 |a 539.23 
100 1 |a Haas, Georg  |4 edt 
245 1 |a Physics of this thin films. Zv. 1 :  |b Advances in research and development /  |c Ed.: Hass, G., Thun R.E 
260 |a New York :  |b Academic Press,  |c 1963 
300 |a 11, 350 s 
700 1 |a Thun, Rudolf E.  |4 edt 
996 |b E29728  |c E*29728  |l EE05  |s P  |a 0  |w stu209025_0001